| 000 | 00535nam a2200181Ia 4500 | ||
|---|---|---|---|
| 008 | 100920s9999 xx 000 0 und d | ||
| 082 |
_b96866 _a--- न 05 |
||
| 100 | _aमेंगजी अशोक. | ||
| 245 | _aअसंभव. | ||
| 260 |
_bपार्टनर पब्लिकेशन, मुंबई. _c2005 |
||
| 300 |
_a223 _bसाधी |
||
| 365 | _b195 | ||
| 520 | _aकादंबरी. | ||
| 630 | _aअसंभव. | ||
| 650 | _aकादंबरी. | ||
| 730 | _aअसंभव. | ||
| 942 | _cBOOK | ||
| 999 |
_c737305 _d737302 |
||